000 00278nam a2200109Ia 4500
008 190912s9999||||xx |||||||||||||| ||und||
100 _aMahmood, Shahid
245 0 _aNational Bibliography Of Research Theses
260 _aIslamabad
_bEducation
_c2000
300 _a441
942 _cBK
999 _c7614
_d7614